000 00597nam a2200217 i 4500
001 80032
003 ES-MaACL
005 20251207151548.0
007 t|
008 041026s1977 sp ||||1| spa d
100 1 _aHeuyer, Georges.
_963500
245 1 3 _aLa esquizofrenia /
_cGeorges Heuyer ; [traducción de Isabel Esteban].
250 _a[1ª ed.].
260 _aBarcelona :
_bPlaneta,
_c[1977]
300 _a246 p. ;
_c19 cm.
490 1 _aPaideia
700 1 _aEsteban, Isabel.
_948031
830 0 _aPaideia
_9179731
852 _aES-MaACL
_jA-6396
_bR.95575
999 _c80032
_d80032